000 01014nam a2200253 a 4500
001 BRL_1544
005 20190320211245.0
008 030314s1987----be-ao#####---#000-0#fre-#
041 _afre
044 _abe
050 4 _aGT4848.A2
_b.F48 1987
245 1 0 _aFetes et traditions Masquees D´Autriche
_bMusée International du Carnaval et du Masque, Binche : catalogue
_csous la direction de Michel Revelard.
260 _aBinche, Belgium
_bPatrimoine du Musée International du Carnaval et du Masque
_c1987
300 _a127 p.
_bil., fotografías
_c30 cm.
500 _aAu1788
500 _aMusee International du Carnaval et du Masque-Binche, 23 septembre-13 décembre 1987.
504 _aBibliografía: p. 121-124
610 2 4 _aMusée International du Carnaval et du Masque
_vCatálogos
_927229
650 1 4 _aMáscaras
_vCatálogos
_zAustria
_927230
650 1 4 _aFestivales
_vCatálogos
_zAustria
_927231
710 2 _aMusée International du Carnaval et du Masque
_927232
902 _aGRL
942 _2lcc
_cB
999 _c10353
_d10353